Loading...
| History - World History | 0 | 6 | 1 | 3 | 55 | 73 | 126.83 | 1 | 1 |
| History - American History | 0 | 5 | 0 | 0 | 50 | 62 | 91.80 | 1 | 3 |
| History - Other History | 0 | 4 | 2 | 0 | 30 | 81 | 97.50 | 0 | 1 |
| Literature - World Literature | 0 | 2 | 0 | 0 | 20 | 86 | 92.50 | 0 | 1 |
| Religion | 0 | 2 | 0 | 1 | 20 | 133 | 148.00 | 0 | 0 |
| History - European History | 0 | 3 | 3 | 0 | 15 | 84 | 100.67 | 0 | 0 |
| Philosophy | 0 | 1 | 0 | 0 | 10 | 117 | 117.00 | 0 | 0 |
| Literature - British Literature | 0 | 1 | 0 | 0 | 10 | 145 | 145.00 | 0 | 0 |
| Fine Arts - Other Fine Arts | 0 | 1 | 1 | 0 | 5 | 52 | 52.00 | 0 | 0 |
| Current Events | 0 | 0 | 0 | 0 | 0 | 0.00 | 0 | 0 | |
| Mythology | 0 | 0 | 1 | 0 | -5 | 0.00 | 0 | 0 | |
| Literature - European Literature | 0 | 0 | 1 | 0 | -5 | 0.00 | 0 | 0 | |
| Literature - American Literature | 0 | 0 | 2 | 0 | -10 | 0.00 | 0 | 0 |